[Event "Sant Boi IM"]
[Site "Sant Boi de Llobregat"]
[Date "2016.11.26"]
[Round "9.3"]
[White "Garnica Nebot, Esteve"]
[Black "Mitjavila Badia, Josep"]
[Result "0-1"]
[WhiteElo "2037"]
[BlackElo "2070"]
[PlyCount "82"]
[EventDate "2016.10.01"]
[EventType "tourn"]
[EventRounds "9"]
[EventCountry "ESP"]
[SourceTitle "EXT 2024"]
[Source "ChessBase"]
[SourceDate "2023.10.10"]
[SourceVersion "1"]
[SourceVersionDate "2023.10.10"]
[SourceQuality "1"]

1. d4 g6 2. Nf3 Bg7 3. g3 c5 4. Bg2 cxd4 5. Nxd4 Nc6 6. Nxc6 bxc6 7. 0-0 Qb6 8. c3 f5 9. Qc2 Nf6 10. Nd2 d5 11. c4 0-0 12. Rb1 e5 13. b4 f4 14. Qb3 fxg3 15. hxg3 Be6 16. c5 Qc7 17. a4 Qe7 18. b5 Rab8 19. Ba3 Rfc8 20. Qc2 Bd7 21. Rb3 Qd8 22. e4 d4 23. Nc4 Ne8 24. Rfb1 Kh8 25. Kh2 Qg5 26. Na5 Nf6 27. bxc6 Rxb3 28. cxd7 Ng4+ 29. Kg1 Rxb1+ 30. Qxb1 Rf8 31. c6 Rxf2 32. Qe1 Rc2 33. Nb7 Bf6 34. c7 Rxc7 35. Nc5 Qh6 36. Qe2 Qh2+ 37. Kf1 Ne3+ 38. Ke1 Qxg2 39. Qb5 Qxg3+ 40. Ke2 Qg2+ 41. Kd3 Qc2# 0-1

[Event "Sant Boi IM"]
[Site "Sant Boi de Llobregat"]
[Date "2016.11.05"]
[Round "6.5"]
[White "Mitjavila Badia, Josep"]
[Black "Bada Navarra, Jordi"]
[Result "1-0"]
[WhiteElo "2070"]
[BlackElo "2110"]
[PlyCount "93"]
[EventDate "2016.10.01"]
[EventType "tourn"]
[EventRounds "9"]
[EventCountry "ESP"]
[SourceTitle "EXT 2024"]
[Source "ChessBase"]
[SourceDate "2023.10.10"]
[SourceVersion "1"]
[SourceVersionDate "2023.10.10"]
[SourceQuality "1"]

1. Nf3 e6 2. d3 b6 3. g3 Bb7 4. Bg2 f5 5. e4 fxe4 6. Ng5 Nf6 7. Nxe4 Nxe4 8. dxe4 Nc6 9. Be3 Qf6 10. c3 0-0-0 11. Nd2 Kb8 12. Nf3 Ne5 13. Nxe5 Qxe5 14. Qd4 Qxd4 15. Bxd4 c5 16. Be3 d5 17. 0-0-0 Be7 18. exd5 exd5 19. Bf4+ Ka8 20. Be5 Rhf8 21. f4 Bf6 22. Rhe1 Rf7 23. Kc2 Bxe5 24. Rxe5 Rfd7 25. Rde1 Kb8 26. Re7 Bc8 27. Re8 Rd6 28. Rxd8 Rxd8 29. Re7 d4 30. Be4 h6 31. Rxg7 Re8 32. Bd3 Be6 33. c4 Bc8 34. Kd2 Re3 35. Be2 Bf5 36. g4 Bc8 37. f5 Rh3 38. f6 Rxh2 39. f7 Rf2 40. Kd3 Rf6 41. Ke4 Rf2 42. Bd3 Rf6 43. Ke5 Re6+ 44. Kd5 Rf6 45. Bf5 Bxf5 46. gxf5 d3 47. Ke5 1-0

[Event "Sant Boi IM"]
[Site "Sant Boi de Llobregat"]
[Date "2016.10.29"]
[Round "5.1"]
[White "Mitjavila Badia, Josep"]
[Black "Munoz Cuesta, Emilio Josep"]
[Result "1-0"]
[WhiteElo "2070"]
[BlackElo "2112"]
[PlyCount "125"]
[EventDate "2016.10.01"]
[EventType "tourn"]
[EventRounds "9"]
[EventCountry "ESP"]
[SourceTitle "EXT 2024"]
[Source "ChessBase"]
[SourceDate "2023.10.10"]
[SourceVersion "1"]
[SourceVersionDate "2023.10.10"]
[SourceQuality "1"]

1. e4 g6 2. d4 c6 3. Nf3 Bg7 4. Nc3 d6 5. h3 Qc7 6. Be3 b5 7. a3 Nd7 8. Bd3 Bb7 9. 0-0 Ngf6 10. Qd2 a6 11. Rfe1 h6 12. e5 dxe5 13. dxe5 Nxe5 14. Nxe5 Qxe5 15. Rad1 g5 16. Bxb5 0-0 17. Bd3 c5 18. f4 gxf4 19. Bxf4 Qd4+ 20. Be3 Qd6 21. Bxh6 Ng4 22. Bh7+ Kxh7 23. Qxd6 exd6 24. Bxg7 Rg8 25. hxg4 Rxg7 26. Nd5 Bxd5 27. Rxd5 Rb8 28. b3 Rxg4 29. Rxd6 a5 30. Re7 Kg8 31. Rf6 c4 32. Rf3 cxb3 33. cxb3 Rg5 34. a4 Rf8 35. Kf2 Kg7 36. Rb7 Rc8 37. Rfxf7+ Kg6 38. Rfc7 Rf8+ 39. Kg1 Kh5 40. Rh7+ Kg4 41. Rhg7 Rxg7 42. Rxg7+ Kf4 43. Rc7 Rb8 44. Rc4+ Ke3 45. Rc3+ Kd2 46. Rc5 Rxb3 47. Rxa5 Ke3 48. Ra8 Ra3 49. a5 Ra1+ 50. Kh2 Kf2 51. a6 Ra5 52. Kh3 Ra3+ 53. Kh4 Kxg2 54. a7 Rh3+ 55. Kg4 Ra3 56. Kf4 Kf2 57. Ke4 Ke2 58. Kd4 Kd2 59. Kc4 Kc2 60. Kb4 Kb2 61. Kb5 Rb3+ 62. Kc6 Rc3+ 63. Kd5 1-0

[Event "Sant Boi IM"]
[Site "Sant Boi de Llobregat"]
[Date "2016.10.08"]
[Round "2.4"]
[White "Prats Alonso, Oscar"]
[Black "Mitjavila Badia, Josep"]
[Result "1-0"]
[WhiteElo "1992"]
[BlackElo "2070"]
[PlyCount "63"]
[EventDate "2016.10.01"]
[EventType "tourn"]
[EventRounds "9"]
[EventCountry "ESP"]
[SourceTitle "EXT 2024"]
[Source "ChessBase"]
[SourceDate "2023.10.10"]
[SourceVersion "1"]
[SourceVersionDate "2023.10.10"]
[SourceQuality "1"]

1. e4 e6 2. d4 c5 3. d5 exd5 4. exd5 d6 5. Nf3 Nf6 6. Nc3 Be7 7. Be2 0-0 8. 0-0 Na6 9. h3 Nc7 10. a4 b6 11. Rb1 Bb7 12. Bc4 a6 13. b4 b5 14. axb5 axb5 15. bxc5 dxc5 16. Nxb5 Nxb5 17. Bxb5 Bxd5 18. Qe2 Qc7 19. Bc4 Rfe8 20. Be3 Bf8 21. Rb2 Rad8 22. Rfb1 h6 23. Bxd5 Nxd5 24. Rb7 Qc6 25. Qc4 Re6 26. Ra7 Nxe3 27. fxe3 Rd7 28. Nd4 Rxd4 29. exd4 Qe4 30. Qd3 Qxd3 31. cxd3 Be7 32. Rf1 1-0

[Event "Barcelona Puig op 1st"]
[Site "Barcelona"]
[Date "2015.11.25"]
[Round "9.3"]
[White "Ballester Llagaria, Luis Eduardo"]
[Black "Mitjavila Badia, Josep"]
[Result "1-0"]
[WhiteElo "2254"]
[BlackElo "2145"]
[PlyCount "39"]
[EventDate "2015.09.30"]
[EventType "swiss"]
[EventRounds "9"]
[EventCountry "ESP"]
[SourceTitle "EXT 2024"]
[Source "ChessBase"]
[SourceDate "2023.10.10"]
[SourceVersion "1"]
[SourceVersionDate "2023.10.10"]
[SourceQuality "1"]

1. e4 e5 2. Nf3 Nc6 3. d4 exd4 4. Nxd4 Nxd4 5. Qxd4 d6 6. Nc3 Nf6 7. Be3 Be7 8. f3 a6 9. 0-0-0 b5 10. e5 dxe5 11. Qxe5 Bd7 12. Bc5 Kf8 13. Bd3 Bxc5 14. Qxc5+ Qe7 15. Qxc7 Rc8 16. Qb7 g6 17. Rhe1 Qc5 18. Qxa6 Kg7 19. Qxf6+ Kxf6 20. Ne4+ 1-0

[Event "Catalunya-chT Primera Gp2"]
[Site "Catalunya"]
[Date "2008.02.03"]
[Round "2"]
[White "Mitjavila Badia, Josep"]
[Black "Xanco Compains, Joan"]
[Result "1-0"]
[WhiteElo "2104"]
[BlackElo "2092"]
[PlyCount "69"]
[EventDate "2008.01.27"]
[EventType "team-tourn"]
[EventRounds "9"]
[EventCountry "ESP"]
[SourceTitle "EXT 2019"]
[Source "ChessBase"]
[SourceDate "2018.10.10"]
[SourceVersion "1"]
[SourceVersionDate "2018.10.10"]
[SourceQuality "1"]

1. d4 d5 2. Nf3 Nc6 3. e3 Bg4 4. Be2 e6 5. 0-0 Bd6 6. b3 Nge7 7. Bb2 Ng6 8. c4 0-0 9. Nbd2 Nb8 10. Rc1 c6 11. c5 Bc7 12. b4 Nd7 13. b5 cxb5 14. Bxb5 Nf6 15. Qa4 Ne4 16. Nxe4 dxe4 17. Ne5 Bxe5 18. dxe5 a6 19. Bc4 Qg5 20. Kh1 Nxe5 21. Bb3 Be2 22. Qxe4 Bxf1 23. Rxf1 Nc6 24. Bc2 Qg6 25. Qc4 f5 26. g4 Qf7 27. gxf5 e5 28. Qg4 Kh8 29. Rg1 Rae8 30. Be4 Re7 31. f4 exf4 32. Qf3 Ne5 33. Qxf4 Rfe8 34. Bb1 Qc4 35. Qg5 1-0